书目信息 |
| 题名: |
建筑设备施工安装图册
|
|
| 作者: | ;北京市建筑设计院 编 | |
| 分册: | 3 | |
| 出版信息: | 北京 中国建筑工业出版社 1982 |
|
| 页数: | 159页 | |
| 开本: | 19cm | |
| 丛书名: | ||
| 单 册: | ||
| 中图分类: | TU831 | |
| 科图分类: | ||
| 主题词: | 建筑--空气调节 , 房屋建筑设备:空气调节设备 , 房屋建筑设备:采暖设备 , 建筑--通风 , 房屋建筑设备:通风设备 | |
| 电子资源: | ||
| ISBN: | ||
| 000 | 00954nam0 2200301 45 | |
| 001 | 0182004125 | |
| 005 | 20040517083959.0 | |
| 010 | @dCNY1.05 | |
| 091 | @a15040.4245(3) | |
| 100 | @a19950404d1982 em y0chiy0121 ea | |
| 101 | 0 | @achi |
| 102 | @aCN@b110000 | |
| 105 | @aa z 000yy | |
| 106 | @ar | |
| 200 | 10 | @a建筑设备施工安装图册@h3@Ajian zhu she bei shi gong an zhuang tu ce@f北京市建筑设计院编@e空调,制冷工程@EKong Diao,Zhi Leng Gong Cheng |
| 210 | @a北京@c中国建筑工业出版社@d1982 | |
| 215 | @a159页@d19cm | |
| 517 | @a空调,制冷工程@AKong Diao,Zhi Leng Gong Cheng | |
| 606 | 0 | @a建筑@x空气调节 |
| 606 | 0 | @a房屋建筑设备:空气调节设备 |
| 606 | 0 | @a房屋建筑设备:采暖设备 |
| 606 | 0 | @a建筑@x通风 |
| 606 | 0 | @a房屋建筑设备:通风设备 |
| 690 | @aTU831 | |
| 711 | 02 | @a北京市建筑设计院@Abei jing shi jian zhu she ji yuan@4编 |
| 801 | 0 | @aCN@b上海图书馆@c20040517 |
| 801 | 2 | @aCN@bNLC@c20040517 |
| 905 | @f2@b111729-730@dTU831@e61 | |
| 建筑设备施工安装图册.3/北京市建筑设计院编:空调,制冷工程.-北京:中国建筑工业出版社,1982 |
| 159页;19cm |
| ISBN :CNY1.05 |
| ● |
| 相关链接 |
|
|
|
|
正题名:建筑设备施工安装图册
索取号:TU831/61
 
预约/预借
| 序号 | 登录号 | 条形码 | 馆藏地/架位号 | 状态 | 备注 |
| 1 | 0111729 | 001484744 | 第二样本阅览室/ [索取号:TU831/61] | 在馆 | |
| 2 | 0111730 | 001484735 | 第三借阅区/ [索取号:TU831/61] | 在馆 |